Geography Quiz

Random Geography or Asia Quiz
Score 0/15 Timer 09:00
1 Play Today
% Correct
San Antonio - San Jose
82.6%
Düsseldorf - Munich
72.5%
Málaga - Valencia
68.9%
Montpellier - Nantes
68.5%
Catania - Genoa
64.8%
Birmingham - Leeds
60.4%
Brasília - Curitiba
59.3%
Edmonton - Winnipeg
49.5%
% Correct
Osaka - Sapporo
46.6%
Durban - Johannesburg
43.2%
Shanghai - Shenzhen
41.5%
Kraków - Poznań
36.9%
Hyderabad - Jaipur
35.9%
Kazan - Rostov-on-Don
34.6%
León - Mexico City
23.3%

You're not logged in!

Compare scores with friends on all Sporcle quizzes.
OR
Log In

Sporcle TV

Today on Sporcle TV


Watch our educational content, quiz creation guides, and fun videos on Sporcle TV.

Show Comments

Extras

Top Quizzes Today


Score Distribution

Paid Content

Your Account Isn't Verified!

In order to create a playlist on Sporcle, you need to verify the email address you used during registration. Go to your Sporcle Settings to finish the process.

Report this User

Report this user for behavior that violates our Community Guidelines.

Details: